[Event "HUN-ch U8-U18 2019"]
[Site "Balatonlelle"]
[Date "2019.06.26"]
[Round "7.18"]
[White "Konyves, Almos"]
[Black "Palczert, Matyas"]
[Result "0-1"]
[WhiteElo "2125"]
[BlackElo "2007"]
[Annotator "TA"]
[PlyCount "42"]
[EventDate "2019.06.21"]
[EventType "swiss"]
[EventCountry "HUN"]
[SourceTitle "playchess.com"]
[Source "ChessBase"]
[SourceQuality "1"]

{[%evp 12,52,45,11,41,38,117,105,109,107,110,54,104,104,81,72,64,105,53,6,10,10,18,-8,-19,-73,-70,-155,-155,-162,-83,-547,-512,-864,-872,-809,-823,-837,-834,-800,-773,-29998,-29999]} 1. e4 c5 2. Nf3 e6 3. d4 cxd4 4. Nxd4 Nc6 5. Nc3 Qc7 6. f4 a6 7. Nxc6 Qxc6 {B47: Sicilian: Taimanov: 5 Nc3 Qc7 6 f4, 6 g3 and 6 Be2} (7... bxc6 {with more complications.} 8. Bd3 d5 9. O-O Be7 10. b3 Nf6) 8. Be2 (8. Bd3 b5 9. Qe2 Bb7 10. Bd2 Bc5 11. O-O-O Ne7 12. a3 O-O 13. Qh5 f6 14. Rhf1 Rf7 15. g4 b4 16. axb4 Bxb4 17. e5 f5 18. Rg1 Rc8 {0-1 (53) Saric,I (2669)-Harikrishna,P (2744) Riadh 2017}) 8... Bb4 (8... Bc5 $14) 9. Qd4 $16 Bxc3+ {White is better.} 10. bxc3 Nf6 {[#]} 11. Bf3 (11. Ba3 $1 $16) 11... b5 12. Ba3 $146 ({Predecessor:} 12. a4 O-O 13. Ba3 Re8 14. O-O Bb7 15. e5 Nd5 {0-1 (61) Rivera Kuzawka,D (2320)-Valiente,C (2370) Argentina 1991}) 12... Bb7 {[%cal Rf6e4]} 13. O-O Nxe4 14. Rfe1 (14. Qxg7 Qb6+ 15. Qd4 Qxd4+ 16. cxd4 f5 $15) 14... d5 15. Bxe4 (15. c4 $5 {[%cal Rc4d5]} O-O-O 16. cxd5 (16. Qxg7 Nd2 $17) 16... exd5 17. Bb2 $11 (17. Qxg7 Qb6+ 18. Bc5 Qxc5+ {[%mdl 64] Double Attack} 19. Qd4 Qxd4+ 20. Kh1 Nf2+ {[%mdl 64] Discovered Attack} 21. Kg1 Nh3+ {[%mdl 64] Double Attack, Discovered Attack (Double check)} 22. Kh1 Qg1+ 23. Rxg1 Nf2#)) 15... dxe4 16. Rad1 ({Reject} 16. Qxg7 O-O-O $17) 16... f6 $1 17. Qb4 {[%csl Ga3][%cal Rb4e7]} (17. Rxe4 $5 {[%cal Rf4f5]} Kf7 18. Qd7+ Kg6 19. Qxc6 (19. Qxe6 Qxe4 20. Qg4+ Kh6 $11) 19... Bxc6 20. Rxe6 $11) 17... Qc7 {With the idea ...Kf7.} 18. Rd6 (18. Qb3 $11 {keeps the balance.} Kf7 19. Rd6) 18... O-O $17 19. Red1 (19. Rxe6 $15 Rfe8 20. Rxe8+ Rxe8 21. Bc1) 19... Bd5 20. f5 Qc4 ({Don't take} 20... Bxa2 21. fxe6 Bc4 {[#]} 22. Rxa6 $1 $15 {[%mdl 512]}) ({Better is} 20... Rfe8 $19 21. fxe6 Bxe6 22. Qxe4 Bxa2) 21. Qa5 $2 {[%mdl 8192] [#]} (21. R6xd5 $17 {is more resistant.} Qxb4 22. Bxb4 exd5 23. Bxf8 Kxf8 24. c4) 21... e3 {Played: Qc4-e2} 0-1

[Event "HUN-ch U8-U18 2019"]
[Site "Balatonlelle"]
[Date "2019.06.26"]
[Round "7.18"]
[White "Kaloczi, Kristof"]
[Black "Pogany, Zsombor"]
[Result "1-0"]
[WhiteElo "2098"]
[BlackElo "2121"]
[Annotator "TA"]
[PlyCount "85"]
[EventDate "2019.06.21"]
[EventType "swiss"]
[EventCountry "HUN"]
[SourceTitle "playchess.com"]
[Source "ChessBase"]
[SourceQuality "1"]

{[%evp 23,85,99,100,100,90,94,149,117,111,113,108,94,89,89,74,64,89,89,89,89,116,116,116,116,116,110,132,125,180,120,187,160,197,191,229,225,229,218,223,212,222,221,319,317,345,339,393,369,582,367,366,374,376,374,483,484,499,441,614,670,2748,2788,29988,29989]} 1. e4 Nf6 2. e5 Nd5 3. c4 Nb6 4. d4 d6 5. exd6 cxd6 6. Nc3 g6 7. Be3 Bg7 8. Rc1 O-O 9. b3 Nc6 10. d5 Ne5 11. Be2 f5 12. f4 Ng4 13. Bxg4 {B03: Alekhine's Defence: Four Pawns Attack} (13. Bd4 e5 14. dxe6 Bxe6 15. Bxg4 Bxd4 16. Qxd4 fxg4 17. Nge2 Qh4+ 18. Ng3 Qf6 19. Qxf6 Rxf6 20. O-O d5 {1-0 (40) Azarov,S (2582)-Bernadskiy,V (2529) Lvov 2017}) 13... fxg4 14. Nge2 a5 (14... Nd7 $142) 15. O-O {White is clearly better.} Nd7 16. Ne4 $146 ({Predecessor:} 16. Na4 b6 17. Bd4 Nc5 18. Bxg7 Kxg7 19. Qd4+ Kg8 20. Nac3 Bf5 {1-0 (46) Nigmatov,O (2331)-Kholmirzaev,B (2355) Tashkent 2017}) 16... Nf6 17. Nxf6+ exf6 18. Re1 Re8 19. Qd2 Bd7 20. a4 f5 21. Nd4 Re4 22. Bf2 Qf6 {[%cal Re4d4]} 23. Rxe4 fxe4 24. Re1 Bf5 25. Nb5 Bh6 (25... Qd8 $16 26. Bd4 Bf8) 26. Be3 ({White should try} 26. Bd4 $18 Qd8 27. g3) 26... Bf8 (26... Bd7 $16) 27. g3 h5 28. Bd4 Qe7 29. Bc3 Bh6 30. Qd4 {[#] Black must now prevent Qh8+.} Kf7 31. Bb2 Rd8 32. Ba3 g5 (32... Rd7 {keeps fighting.} 33. Qb6 Bf8 34. Qxa5 Kg8) 33. Qb6 Bf8 34. fxg5 ({Resist} 34. Qxa5 $6 gxf4 35. Nd4 (35. gxf4 Bh6 $16) 35... Bg6 $18) 34... Kg6 35. Bc1 h4 (35... Rd7 $142 36. Qf2 Qe8) 36. Bf4 hxg3 37. hxg3 Rd7 38. Qxa5 Bg7 39. Qb6 Be5 40. c5 Bxf4 41. gxf4 Be6 42. dxe6 Rd8 43. cxd6 {Accuracy: White = 71%, Black = 51%.} 1-0

[Event "HUN-ch U8-U18 2019"]
[Site "Balatonlelle"]
[Date "2019.06.26"]
[Round "7.19"]
[White "Kresz, Adam"]
[Black "Hatala, Csaba Laszlo"]
[Result "1/2-1/2"]
[WhiteElo "1949"]
[BlackElo "1958"]
[Annotator "NA RC"]
[PlyCount "101"]
[EventDate "2019.06.21"]
[EventType "swiss"]
[EventCountry "HUN"]
[SourceTitle "playchess.com"]
[Source "ChessBase"]
[SourceQuality "1"]
[TimeControl "40/5400+30:1800+30"]

1. e4 {[%emt 0:00:03]} c5 {[%emt 0:00:07]} 2. Nf3 {[%emt 0:00:06]} Nc6 {[%emt 0:00:09]} 3. d4 {[%emt 0:00:07]} cxd4 {[%emt 0:00:07]} 4. Nxd4 {[%emt 0:00:06]} g6 {[%emt 0:00:12]} 5. Nc3 {[%emt 0:00:12]} Bg7 {[%emt 0:00:08]} 6. Be3 {[%emt 0:00:05]} Nf6 {[%emt 0:00:13]} 7. Bc4 {[%emt 0:00:11]} Qa5 {[%emt 0:00:28]} 8. f3 {[%emt 0:00:10]} O-O {[%emt 0:10:27]} 9. Bb3 {[%emt 0:02:32]} d6 {[%emt 0:07:11]} 10. Qd2 {[%emt 0:00:23]} Nxd4 {[%emt 0:09:51]} 11. Bxd4 {[%emt 0:00:11]} b5 {[%emt 0:02:00]} 12. Nd5 {[%emt 0:25:39]} Qxd2+ {[%emt 0:01:27]} 13. Kxd2 {[%emt 0:00:58]} Nxe4+ {[%emt 0:02:30]} 14. fxe4 {[%emt 0:02:24]} Bxd4 {[%emt 0:00:06]} 15. Nxe7+ {[%emt 0:00:07]} Kg7 {[%emt 0:00:22]} 16. Bd5 {[%emt 0:00:07]} Bd7 {[%emt 0:06:40]} 17. Bxa8 {[%emt 0:00:15]} Rxa8 {[%emt 0:00:07]} 18. c3 {[%emt 0:10:10]} Be5 {[%emt 0:00:28]} 19. Rae1 {[%emt 0:07:35]} a5 {[%emt 0:01:46]} 20. Kc2 {[%emt 0:12:49]} Rb8 {[%emt 0:01:31]} 21. Nd5 {[%emt 0:03:56]} Rb7 {[%emt 0:04:34]} 22. Ne3 {[%emt 0:11:48]} Be6 {[%emt 0:01:04]} 23. g3 {[%emt 0:03:24]} Bd7 {[%emt 0:14:38]} 24. Rhf1 {[%emt 0:08:46]} Be6 {[%emt 0:01:49]} 25. Nd5 {[%emt 0:02:03]} Ra7 {[%emt 0:15:45]} 26. a3 {[%emt 0:02:45]} Rb7 {[%emt 0:00:23]} 27. Rf3 {[%emt 0:01:02]} f5 {[%emt 0:08:54]} 28. Nf4 {[%emt 0:01:42]} Bxf4 {[%emt 0:00:29]} 29. Rxf4 {[%emt 0:00:39]} fxe4 {[%emt 0:00:20]} 30. Kd2 {[%emt 0:00:45]} d5 {[%emt 0:00:25]} 31. h4 {[%emt 0:01:41]} h5 {[%emt 0:00:16]} 32. Ke3 {[%emt 0:00:20]} b4 {[%emt 0:01:16]} 33. axb4 {[%emt 0:00:07]} axb4 {[%emt 0:00:05]} 34. c4 {[%emt 0:00:10]} dxc4 {[%emt 0:01:31]} 35. Rxe4 {[%emt 0:00:16]} Bf7 {[%emt 0:00:25]} 36. Kd2 {[%emt 0:01:22]} c3+ {[%emt 0:07:22]} 37. Kc2 {[%emt 0:01:28]} cxb2 {[%emt 0:00:53]} 38. Kxb2 {[%emt 0:00:08]} b3 {[%emt 0:00:40]} 39. Re7 {[%emt 0:00:35]} Rxe7 40. Rxe7 {[%emt 0:00:00]} Kf6 {[%emt 0:00:00]} 41. Rb7 {[%emt 0:00:20]} Be6 {[%emt 0:01:53]} 42. Rb5 {[%emt 0:04:29]} Bc4 {[%emt 0:03:04]} 43. Rc5 {[%emt 0:00:41]} Be6 {[%emt 0:00:12]} 44. Kc3 {[%emt 0:00:09]} Ke7 {[%emt 0:01:57]} 45. Rb5 {[%emt 0:00:26]} Kf7 {[%emt 0:03:47]} 46. Kd4 {[%emt 0:00:32]} Kf6 {[%emt 0:01:45]} 47. Ke4 {[%emt 0:00:49]} Bf5+ {[%emt 0:00:14]} 48. Kf4 {[%emt 0:00:18]} Bc2 {[%emt 0:01:45]} 49. Rb6+ {[%emt 0:00:29]} Ke7 {[%emt 0:01:40]} 50. g4 {[%emt 0:04:39]} hxg4 {[%emt 0:00:36]} 51. Kxg4 {[%emt 0:00:14]} 1/2-1/2

[Event "HUN-ch U8-U18 2019"]
[Site "Balatonlelle"]
[Date "2019.06.26"]
[Round "7.19"]
[White "Magold, Filip"]
[Black "Szegedy, Matyas"]
[Result "1-0"]
[WhiteElo "1906"]
[BlackElo "1806"]
[Annotator "NA RC"]
[PlyCount "119"]
[EventDate "2019.06.21"]
[EventType "swiss"]
[EventCountry "HUN"]
[SourceTitle "playchess.com"]
[Source "ChessBase"]
[SourceQuality "1"]
[TimeControl "40/5400+30:1800+30"]

1. e4 {[%emt 0:00:31]} e5 {[%emt 0:00:06]} 2. Nf3 {[%emt 0:00:16]} Nc6 {[%emt 0:00:07]} 3. Bb5 {[%emt 0:00:14]} a6 {[%emt 0:00:12]} 4. Ba4 {[%emt 0:00:04]} d6 {[%emt 0:00:07]} 5. c4 {[%emt 0:00:20]} Bg4 {[%emt 0:00:13]} 6. h3 {[%emt 0:00:28]} Bxf3 {[%emt 0:00:51]} 7. Qxf3 {[%emt 0:00:13]} Nf6 {[%emt 0:00:37]} 8. Nc3 {[%emt 0:00:20]} Be7 {[%emt 0:01:13]} 9. O-O {[%emt 0:00:52]} O-O {[%emt 0:00:48]} 10. Bxc6 {[%emt 0:00:07]} bxc6 {[%emt 0:00:31]} 11. d3 {[%emt 0:00:36]} Rb8 {[%emt 0:12:47]} 12. b3 {[%emt 0:03:41]} Nd7 {[%emt 0:15:54]} 13. Be3 {[%emt 0:02:20]} Bf6 {[%emt 0:03:19]} 14. Rad1 {[%emt 0:02:14]} c5 {[%emt 0:01:52]} 15. Qg4 {[%emt 0:04:41]} g6 {[%emt 0:10:42]} 16. Ne2 {[%emt 0:05:52]} Bg7 {[%emt 0:05:49]} 17. Bg5 {[%emt 0:07:59]} f6 {[%emt 0:07:19]} 18. Bh4 {[%emt 0:00:52]} Qe8 {[%emt 0:01:21]} 19. Nc3 {[%emt 0:21:00]} c6 {[%emt 0:07:57]} 20. Qe2 {[%emt 0:03:26]} f5 {[%emt 0:02:08]} 21. f3 {[%emt 0:00:26]} f4 {[%emt 0:04:44]} 22. Rb1 {[%emt 0:02:01]} h6 {[%emt 0:01:08]} 23. a3 {[%emt 0:02:40]} g5 {[%emt 0:07:52]} 24. Bf2 {[%emt 0:03:59]} Qg6 {[%emt 0:04:17]} 25. b4 {[%emt 0:01:53]} cxb4 {[%emt 0:00:38]} 26. axb4 {[%emt 0:00:08]} h5 {[%emt 0:01:30]} 27. b5 {[%emt 0:01:33]} axb5 {[%emt 0:00:39]} 28. cxb5 {[%emt 0:00:04]} cxb5 {[%emt 0:00:10]} 29. Rxb5 {[%emt 0:00:10]} Rxb5 {[%emt 0:01:02]} 30. Nxb5 {[%emt 0:00:10]} Rc8 {[%emt 0:01:01]} 31. Qa2+ {[%emt 0:00:49]} Kh7 {[%emt 0:01:57]} 32. Qd5 {[%emt 0:00:40]} Nf8 {[%emt 0:02:03]} 33. Qxd6 Qxd6 {[%emt 0:01:06]} 34. Nxd6 {[%emt 0:07:45]} Rd8 {[%emt 0:00:18]} 35. Nf5 {[%emt 0:01:54]} Rxd3 {[%emt 0:00:38]} 36. Rb1 {[%emt 0:00:08]} Rd7 {[%emt 0:00:36]} 37. Rb6 {[%emt 0:01:17]} Rc7 {[%emt 0:01:37]} 38. Rb8 {[%emt 0:01:14]} Ng6 {[%emt 0:00:54]} 39. Rd8 {[%emt 0:01:05]} Ne7 {[%emt 0:01:08]} 40. Nxe7 {[%emt 0:00:00]} Rxe7 {[%emt 0:00:00]} 41. Rd5 {[%emt 0:05:16]} Kg6 {[%emt 0:01:47]} 42. Bc5 {[%emt 0:00:12]} Re6 {[%emt 0:00:40]} 43. Kf2 {[%emt 0:00:15]} Re8 {[%emt 0:00:34]} 44. Ke2 {[%emt 0:00:21]} Re6 {[%emt 0:00:44]} 45. Kd3 {[%emt 0:00:10]} g4 {[%emt 0:09:04]} 46. hxg4 {[%emt 0:00:37]} hxg4 {[%emt 0:00:07]} 47. Kc4 {[%emt 0:02:28]} Kg5 {[%emt 0:02:26]} 48. Rd7 {[%emt 0:00:33]} Rg6 {[%emt 0:01:58]} 49. Be7+ {[%emt 0:01:17]} Kh6 {[%emt 0:00:38]} 50. Rd6 {[%emt 0:02:02]} gxf3 {[%emt 0:01:42]} 51. gxf3 {[%emt 0:00:09]} Kh5 {[%emt 0:00:51]} 52. Rxg6 Kxg6 53. Kd5 Kh5 {[%emt 0:00:19]} 54. Ke6 {[%emt 0:00:25]} Kg6 {[%emt 0:00:19]} 55. Bd6 {[%emt 0:00:19]} Kh5 {[%emt 0:00:56]} 56. Bxe5 {[%emt 0:00:09]} Bxe5 {[%emt 0:00:04]} 57. Kxe5 {[%emt 0:00:04]} Kg5 {[%emt 0:00:08]} 58. Kd4 {[%emt 0:00:54]} Kh4 {[%emt 0:01:34]} 59. e5 {[%emt 0:00:08]} Kg3 {[%emt 0:00:05]} 60. Ke4 1-0

[Event "HUN-ch U8-U18 2019"]
[Site "Balatonlelle"]
[Date "2019.06.26"]
[Round "7.20"]
[White "Szabo, A. Martin"]
[Black "Varga, Marcell"]
[Result "0-1"]
[WhiteElo "1946"]
[BlackElo "2106"]
[Annotator "TA"]
[PlyCount "88"]
[EventDate "2019.06.21"]
[EventType "swiss"]
[EventCountry "HUN"]
[SourceTitle "playchess.com"]
[Source "ChessBase"]
[SourceQuality "1"]

{[%evp 12,88,-22,-53,-49,-40,-47,-42,-34,-33,-15,-47,-18,-39,-4,-42,-35,-47,-38,-45,-22,-39,-35,-60,-48,-50,-38,-49,-38,-31,-34,-74,-52,-67,-54,-137,-134,-131,-140,-138,-135,-395,-387,-429,-427,-389,-408,-426,-362,-360,-341,-351,-306,-369,-375,-407,-426,-539,-537,-551,-544,-501,-475,-1102,-1091,-944,-913,-635,-627,-2046,-2008,-1808,-1616,-5181,-5073,-29978,-29979,-29975,-12437]} 1. c4 e5 2. Nc3 Nf6 3. g3 c6 4. Bg2 d5 5. cxd5 cxd5 6. d3 Nc6 7. Nf3 d4 {A23: English Opening: 1...e5 2 Nc3 Nf6 3 g3 c6} 8. Ne4 (8. Nb1 Be7 9. O-O O-O 10. Nbd2 Be6 11. Nc4 Bxc4 12. dxc4 Qb6 13. Nd2 Rad8 14. Ne4 Nxe4 15. Bxe4 {0-1 (42) Gajek,R (2435)-Jarmula,L (2387) Szklarska Poreba 2016}) 8... Nxe4 9. dxe4 Bb4+ {Black is slightly better.} 10. Bd2 {next Bxb4 is good for White.} Qb6 11. O-O O-O 12. Ne1 $146 ({Predecessor:} 12. a3 Be7 13. b4 Be6 14. Qc2 Rac8 15. Qb2 {0-1 (49) Bullock,A-James,R (2209) Coventry 2004}) 12... Be6 13. Nd3 Bd6 14. b4 Rfc8 ({Avoid the trap} 14... Nxb4 $2 15. Bxb4 Bxb4 16. Rb1 $18) 15. Qb1 Rc7 16. Qb2 Rac8 17. Rab1 Nb8 {[%cal Bc6b8,Bb8d7,Bd7b6][%mdl 32] [#] Threatens to win with ...Rc2.} 18. Rfc1 Qa6 19. a3 Nd7 20. Rxc7 Rxc7 21. Rc1 Bc4 22. Bh3 {[#] And now Bxd7 would win.} Nb6 23. b5 (23. Bf1 $1 $15) 23... Qxb5 $17 ({Of course not} 23... Qxa3 $6 24. Qxa3 Bxa3 25. Ra1 $11) ({Worse is} 23... Bxb5 24. Rxc7 Bxd3 25. Qxb6 $14) 24. Qxb5 Bxb5 25. Rxc7 Bxc7 26. Nc5 $2 {[%mdl 8192]} (26. Ba5 $17) 26... Bxe2 $19 27. Bf1 Bxf1 28. Kxf1 {[%mdl 4096] Endgame KBN-KBN} Nc4 29. Bc1 b6 30. Nd3 Bd6 31. a4 f6 32. Ke1 Kf7 33. Kd1 Ba3 34. Bd2 Nb2+ 35. Nxb2 Bxb2 {KB-KB} 36. Kc2 Bc3 37. Bxc3 (37. Bc1 $142 Bb4 38. f4) 37... dxc3 38. Kxc3 {KP-KP} Ke6 39. Kb4 a6 40. g4 Kd6 41. h4 Kc6 42. h5 h6 43. f3 b5 44. a5 Kd6 {Accuracy: White = 22%, Black = 68%.} 0-1

[Event "HUN-ch U8-U18 2019"]
[Site "Balatonlelle"]
[Date "2019.06.26"]
[Round "7.20"]
[White "Szikszai, Bertalan"]
[Black "Kasnya, Peter"]
[Result "1-0"]
[WhiteElo "1896"]
[BlackElo "1496"]
[Annotator "NA RC"]
[PlyCount "65"]
[EventDate "2019.06.21"]
[EventType "swiss"]
[EventCountry "HUN"]
[SourceTitle "playchess.com"]
[Source "ChessBase"]
[SourceQuality "1"]
[TimeControl "40/5400+30:1800+30"]

1. e4 {[%emt 0:00:03]} c5 {[%emt 0:00:46]} 2. Nf3 {[%emt 0:00:07]} d6 {[%emt 0:01:32]} 3. Bb5+ {[%emt 0:03:03]} Nd7 {[%emt 0:06:24]} 4. O-O {[%emt 0:03:16]} g6 {[%emt 0:01:43]} 5. d4 {[%emt 0:08:42]} cxd4 {[%emt 0:00:49]} 6. Qxd4 {[%emt 0:00:12]} Ngf6 {[%emt 0:00:17]} 7. Nc3 {[%emt 0:12:00]} Bg7 {[%emt 0:02:38]} 8. Bg5 {[%emt 0:03:00]} O-O {[%emt 0:03:16]} 9. h3 {[%emt 0:03:28]} Nc5 {[%emt 0:01:59]} 10. Qe3 {[%emt 0:02:59]} Bd7 {[%emt 0:01:07]} 11. Bxd7 {[%emt 0:03:36]} Qxd7 {[%emt 0:03:59]} 12. e5 {[%emt 0:01:22]} Ne8 {[%emt 0:02:05]} 13. exd6 {[%emt 0:00:55]} exd6 {[%emt 0:00:37]} 14. Be7 {[%emt 0:02:45]} Nc7 {[%emt 0:03:20]} 15. Bxf8 {[%emt 0:01:34]} Rxf8 {[%emt 0:02:07]} 16. Rad1 {[%emt 0:01:09]} Qc6 {[%emt 0:01:32]} 17. Nd4 {[%emt 0:00:45]} Qb6 {[%emt 0:00:13]} 18. Nb3 {[%emt 0:00:41]} Re8 {[%emt 0:03:07]} 19. Qf3 {[%emt 0:00:59]} Nxb3 {[%emt 0:01:02]} 20. axb3 Ne6 {[%emt 0:00:41]} 21. Nd5 {[%emt 0:01:53]} Qd8 {[%emt 0:02:54]} 22. c3 {[%emt 0:00:50]} Ng5 {[%emt 0:01:14]} 23. Qd3 {[%emt 0:00:36]} Ne4 {[%emt 0:01:30]} 24. Rfe1 {[%emt 0:00:31]} Nc5 {[%emt 0:00:20]} 25. Rxe8+ {[%emt 0:00:16]} Qxe8 {[%emt 0:00:22]} 26. Qc2 {[%emt 0:00:05]} Qe6 {[%emt 0:00:26]} 27. b4 {[%emt 0:00:40]} Nd7 {[%emt 0:00:36]} 28. Qd2 {[%emt 0:00:24]} Bf8 {[%emt 0:00:34]} 29. Re1 {[%emt 0:00:34]} Qf5 {[%emt 0:00:56]} 30. Ne7+ {[%emt 0:01:07]} Bxe7 {[%emt 0:00:25]} 31. Rxe7 {[%emt 0:00:07]} d5 {[%emt 0:01:26]} 32. Qh6 {[%emt 0:00:58]} Nf6 {[%emt 0:01:30]} 33. Rxb7 {[%emt 0:02:05]} 1-0

[Event "HUN-ch U8-U18 2019"]
[Site "Balatonlelle"]
[Date "2019.06.26"]
[Round "7.21"]
[White "Kovacs, Judit"]
[Black "Szabo, Andrea Erzsebet"]
[Result "1-0"]
[WhiteElo "2025"]
[BlackElo "1582"]
[Annotator "NA RC"]
[PlyCount "61"]
[EventDate "2019.06.21"]
[EventType "swiss"]
[EventCountry "HUN"]
[SourceTitle "playchess.com"]
[Source "ChessBase"]
[SourceQuality "1"]
[TimeControl "40/5400+30:1800+30"]

1. d4 {[%emt 0:00:03]} d5 {[%emt 0:00:06]} 2. Nf3 {[%emt 0:00:05]} Nf6 {[%emt 0:00:05]} 3. c4 {[%emt 0:00:05]} c6 {[%emt 0:00:28]} 4. Qc2 {[%emt 0:00:07]} g6 {[%emt 0:05:03]} 5. Bf4 {[%emt 0:00:11]} Bf5 {[%emt 0:00:59]} 6. Qb3 {[%emt 0:00:14]} Qb6 {[%emt 0:06:07]} 7. Nc3 {[%emt 0:00:16]} Bg7 {[%emt 0:12:38]} 8. e3 {[%emt 0:00:12]} Nbd7 {[%emt 0:06:56]} 9. Be2 {[%emt 0:01:18]} O-O {[%emt 0:08:11]} 10. h3 {[%emt 0:00:27]} Qxb3 {[%emt 0:07:51]} 11. axb3 {[%emt 0:00:08]} Nb6 {[%emt 0:00:59]} 12. Ne5 {[%emt 0:07:12]} Nfd7 {[%emt 0:06:38]} 13. Nxd7 {[%emt 0:05:33]} Bxd7 {[%emt 0:00:19]} 14. c5 {[%emt 0:09:02]} Nc8 {[%emt 0:01:15]} 15. b4 {[%emt 0:01:41]} e6 {[%emt 0:05:14]} 16. b5 {[%emt 0:02:13]} Ne7 {[%emt 0:03:09]} 17. O-O {[%emt 0:02:56]} Rfe8 {[%emt 0:03:58]} 18. b4 {[%emt 0:08:22]} cxb5 {[%emt 0:04:50]} 19. Bxb5 {[%emt 0:01:41]} Nc6 {[%emt 0:00:28]} 20. Bxc6 {[%emt 0:00:26]} bxc6 {[%emt 0:00:16]} 21. Ra6 {[%emt 0:04:42]} Rec8 {[%emt 0:08:00]} 22. Rfa1 {[%emt 0:06:58]} f6 {[%emt 0:00:26]} 23. Na4 {[%emt 0:06:33]} Rf8 {[%emt 0:08:34]} 24. Nb6 {[%emt 0:00:40]} Bc8 {[%emt 0:01:40]} 25. R6a3 {[%emt 0:00:46]} axb6 {[%emt 0:01:43]} 26. Rxa8 {[%emt 0:00:09]} bxc5 {[%emt 0:00:14]} 27. Bd6 {[%emt 0:00:55]} Re8 {[%emt 0:00:19]} 28. bxc5 {[%emt 0:00:25]} e5 {[%emt 0:02:03]} 29. R1a7 {[%emt 0:02:56]} Bf8 {[%emt 0:03:20]} 30. Rb8 {[%emt 0:02:25]} Bxd6 {[%emt 0:01:39]} 31. cxd6 {[%emt 0:00:09]} 1-0

[Event "HUN-ch U8-U18 2019"]
[Site "Balatonlelle"]
[Date "2019.06.26"]
[Round "7.21"]
[White "Turcsanyi, Vince Gergo"]
[Black "Kolimar, Kristof Pal"]
[Result "1/2-1/2"]
[WhiteElo "1816"]
[BlackElo "1979"]
[Annotator "NA RC"]
[PlyCount "55"]
[EventDate "2019.06.21"]
[EventType "swiss"]
[EventCountry "HUN"]
[SourceTitle "playchess.com"]
[Source "ChessBase"]
[SourceQuality "1"]
[TimeControl "40/5400+30:1800+30"]

1. e4 {[%emt 0:00:03]} c5 {[%emt 0:00:14]} 2. Nf3 {[%emt 0:00:11]} e6 {[%emt 0:00:21]} 3. Nc3 {[%emt 0:00:14]} a6 {[%emt 0:00:34]} 4. g3 {[%emt 0:00:15]} Nc6 {[%emt 0:01:28]} 5. Bg2 {[%emt 0:00:47]} Nf6 {[%emt 0:02:53]} 6. O-O {[%emt 0:01:18]} d5 {[%emt 0:01:11]} 7. exd5 {[%emt 0:01:36]} exd5 {[%emt 0:00:11]} 8. d4 {[%emt 0:00:46]} c4 {[%emt 0:04:19]} 9. Bg5 {[%emt 0:05:39]} Be7 {[%emt 0:03:53]} 10. Ne5 {[%emt 0:03:20]} O-O {[%emt 0:11:07]} 11. Re1 {[%emt 0:06:08]} Be6 {[%emt 0:02:12]} 12. Ne2 {[%emt 0:08:28]} Nd7 {[%emt 0:15:54]} 13. Nxc6 {[%emt 0:07:38]} bxc6 {[%emt 0:00:06]} 14. Bxe7 {[%emt 0:02:04]} Qxe7 {[%emt 0:00:05]} 15. Nf4 {[%emt 0:02:16]} Qd6 {[%emt 0:04:13]} 16. Nxe6 {[%emt 0:07:33]} fxe6 {[%emt 0:00:05]} 17. Bh3 {[%emt 0:01:53]} Rae8 {[%emt 0:06:27]} 18. Qg4 {[%emt 0:04:33]} Rf6 {[%emt 0:03:47]} 19. Re3 {[%emt 0:04:03]} Re7 {[%emt 0:05:57]} 20. Rae1 {[%emt 0:02:11]} e5 {[%emt 0:02:18]} 21. Qe2 {[%emt 0:01:25]} e4 {[%emt 0:00:56]} 22. Bxd7 {[%emt 0:07:08]} Rxd7 {[%emt 0:03:12]} 23. f3 exf3 {[%emt 0:00:40]} 24. Rxf3 {[%emt 0:06:35]} Rxf3 {[%emt 0:04:10]} 25. Qxf3 {[%emt 0:00:21]} Re7 {[%emt 0:03:10]} 26. Rf1 {[%emt 0:00:24]} Qd8 {[%emt 0:01:34]} 27. Qf4 {[%emt 0:06:09]} Qe8 {[%emt 0:02:43]} 28. c3 1/2-1/2

[Event "HUN-ch U8-U18 2019"]
[Site "Balatonlelle"]
[Date "2019.06.26"]
[Round "7.22"]
[White "Bodrogi, Bendeguz"]
[Black "Gergely, Daniel"]
[Result "1/2-1/2"]
[WhiteElo "1925"]
[BlackElo "1427"]
[Annotator "NA RC"]
[PlyCount "87"]
[EventDate "2019.06.21"]
[EventType "swiss"]
[EventCountry "HUN"]
[SourceTitle "playchess.com"]
[Source "ChessBase"]
[SourceQuality "1"]
[TimeControl "40/5400+30:1800+30"]

1. Nf3 {[%emt 0:00:06]} d5 {[%emt 0:01:04]} 2. c4 {[%emt 0:01:45]} c6 {[%emt 0:00:14]} 3. g3 {[%emt 0:00:34]} Nf6 {[%emt 0:00:42]} 4. Bg2 {[%emt 0:00:41]} Bf5 {[%emt 0:00:48]} 5. O-O {[%emt 0:01:34]} e6 {[%emt 0:00:45]} 6. d4 {[%emt 0:00:31]} Nbd7 {[%emt 0:00:59]} 7. b3 {[%emt 0:11:33]} Ne4 {[%emt 0:04:15]} 8. Nfd2 {[%emt 0:02:51]} Ndf6 {[%emt 0:01:19]} 9. Bb2 {[%emt 0:03:31]} Qa5 {[%emt 0:03:15]} 10. a3 {[%emt 0:03:27]} Qb6 {[%emt 0:02:58]} 11. f3 {[%emt 0:19:52]} Nxd2 {[%emt 0:01:12]} 12. Nxd2 {[%emt 0:00:21]} Bg6 {[%emt 0:05:15]} 13. Kh1 {[%emt 0:11:44]} h5 {[%emt 0:01:34]} 14. e4 {[%emt 0:03:47]} dxe4 {[%emt 0:01:49]} 15. Nxe4 {[%emt 0:02:54]} Bxe4 {[%emt 0:01:07]} 16. fxe4 {[%emt 0:00:13]} Ng4 {[%emt 0:00:58]} 17. Qf3 {[%emt 0:00:31]} Qc7 {[%emt 0:00:53]} 18. e5 {[%emt 0:09:38]} Rd8 {[%emt 0:05:21]} 19. Rad1 {[%emt 0:03:04]} Rd7 {[%emt 0:09:03]} 20. Rfe1 {[%emt 0:08:37]} Qb6 {[%emt 0:04:04]} 21. Bh3 {[%emt 0:03:15]} a5 {[%emt 0:04:14]} 22. Rf1 {[%emt 0:01:24]} a4 {[%emt 0:08:34]} 23. b4 {[%emt 0:00:43]} Qa6 {[%emt 0:01:59]} 24. Rc1 {[%emt 0:02:02]} Qb6 {[%emt 0:02:27]} 25. Bg2 {[%emt 0:04:15]} Qd8 {[%emt 0:04:58]} 26. Rcd1 {[%emt 0:01:29]} c5 {[%emt 0:04:09]} 27. bxc5 {[%emt 0:01:40]} Qc7 {[%emt 0:01:19]} 28. Rb1 {[%emt 0:00:42]} Kd8 {[%emt 0:02:08]} 29. Bc3 {[%emt 0:00:12]} Kc8 {[%emt 0:00:39]} 30. c6 {[%emt 0:00:20]} bxc6 {[%emt 0:00:32]} 31. Qxc6 {[%emt 0:00:07]} Qxc6 {[%emt 0:00:47]} 32. Bxc6 {[%emt 0:00:01]} Rc7 {[%emt 0:00:11]} 33. d5 {[%emt 0:00:24]} exd5 {[%emt 0:00:11]} 34. cxd5 {[%emt 0:00:05]} Ne3 {[%emt 0:00:25]} 35. Rf3 Nc4 {[%emt 0:00:27]} 36. Bd4 {[%emt 0:01:05]} Nd2 37. Rbf1 {[%emt 0:00:15]} Nxf1 {[%emt 0:01:01]} 38. Rxf1 {[%emt 0:00:06]} Rh6 {[%emt 0:02:42]} 39. Rc1 Bxa3 {[%emt 0:02:15]} 40. Ra1 {[%emt 0:00:00]} Rcxc6 {[%emt 0:00:00]} 41. dxc6 {[%emt 0:07:53]} Be7 {[%emt 0:11:40]} 42. Rxa4 {[%emt 0:00:05]} Rxc6 {[%emt 0:00:13]} 43. Ra7 {[%emt 0:02:37]} Rc7 {[%emt 0:00:51]} 44. Ra6 {[%emt 0:00:07]} 1/2-1/2